| 000 | 01003pam a2200337 i 4500 | ||
|---|---|---|---|
| 001 | 10753255 | ||
| 003 | ARRUPE | ||
| 005 | 20150218114923.0 | ||
| 008 | 130728s2014 njua b 001 0 eng | ||
| 010 | _a 2013027012 | ||
| 020 | _a9780691161570 (hardcover : alk. paper) | ||
| 020 | _a0691161577 (hardcover : alk. paper) | ||
| 024 | _a40023527898 | ||
| 035 | _a(OCoLC)ocn858975422 | ||
| 035 | _a(OCoLC)858975422 | ||
| 035 | _a(NNC)10753255 | ||
| 040 |
_aDLC _beng _erda _cDLC _dOCLCO _dYDXCP _dBTCTA _dNhCcYBP |
||
| 042 | _apcc | ||
| 050 | 0 | 0 |
_aBL626.3 _b.S38 2014 |
| 082 | 0 | 0 |
_a202 _223 |
| 100 | 1 |
_aScruton, Roger, _eauthor. _915223 |
|
| 245 | 1 | 4 |
_aThe soul of the world / _cRoger Scruton. |
| 260 |
_aPrinceton _bPrinceton University Press _c2013 |
||
| 300 |
_aviii, 205 pages ; _c24 cm |
||
| 504 | _aIncludes bibliographical references and index. | ||
| 650 | 0 |
_aFaith. _915224 |
|
| 942 |
_2lcc _cMONOGRAPH |
||
| 948 | 1 |
_a20140429 _bc _cybp21 _dMPS |
|
| 949 | _i0073813044 | ||
| 999 |
_c122078 _d122078 |
||